Statystyki dla Mistrzowie WBW

Kliknij tutaj aby rozwiązać quiz!

Ogólne statystyki

  • Ten quiz został rozwiązany 184 razy
    (174 od ostatniego zresetowania)
  • Średni wynik to 12 z 17

Statystyki odpowiedzi

RokKsywa% Poprawnych
2019Koro
94%
2016Bober
93%
2017Bober
93%
2014Edzio
92%
2015Edzio
92%
2018Ryba
86%
2004Duże Pe
79%
2012Czeski
69%
2006Muflon
68%
2008Muflon
68%
2013Szyderca
63%
2009Flint
58%
2007Eskobar
52%
2011Kopek
41%
2005Pogo
39%
2003Rufin
39%
2010Sosen
36%

Rozkład punktacji

Percentyl według liczby udzielonych odpowiedzi

Procent ludzi z każdym wynikiem

Twoja historia wyników

Nie rozwiązałeś tego quizu od ostatniego zresetowania